|
|
|
|
| LEADER |
02165nam a2200397 a 4500 |
| 001 |
EBC3408754 |
| 003 |
MiAaPQ |
| 005 |
20200520144314.0 |
| 006 |
m o d | |
| 007 |
cr cn||||||||| |
| 008 |
121102s2013 nyu sb 001 0 eng d |
| 010 |
|
|
|z 2012040584
|
| 020 |
|
|
|z 9781438447711 (hbk : alk. paper)
|
| 020 |
|
|
|a 9781438447735 (electronic bk.)
|
| 035 |
|
|
|a (MiAaPQ)EBC3408754
|
| 035 |
|
|
|a (Au-PeEL)EBL3408754
|
| 035 |
|
|
|a (CaPaEBR)ebr10733848
|
| 035 |
|
|
|a (OCoLC)923420106
|
| 040 |
|
|
|a MiAaPQ
|c MiAaPQ
|d MiAaPQ
|
| 043 |
|
|
|a a-tu---
|
| 050 |
|
4 |
|a HQ1236.5.T9
|b M37 2013
|
| 082 |
0 |
4 |
|a 305.4209561
|2 23
|
| 100 |
1 |
|
|a Aldikacti Marshall, Gul.
|
| 245 |
1 |
0 |
|a Shaping gender policy in Turkey
|h [electronic resource] :
|b grassroots women activists, the European Union, and the Turkish state /
|c Gul Aldikacti Marshall.
|
| 260 |
|
|
|a Albany :
|b State University of New York Press,
|c 2013.
|
| 300 |
|
|
|a xiii, 173 p.
|
| 504 |
|
|
|a Includes bibliographical references and index.
|
| 505 |
0 |
|
|a List of tables -- List of abbreviations -- Acknowledgements -- Conceptualizing the actors' roles -- Gender equality, women's rights, and stipulations within the enlarging EU -- Before the 1999 Helsinki Summit : the state's gender regime in Turkey -- Active citizenship : women's collective response to the state's gender regime in Turkey, 1980-1999 -- Aftermath of the 1999 Helsinki Summit : the role of the EU and the Turkish state in changing gender policies in Turkey -- Women's grassroots activism in changing gender policies after the Helsinki Summit -- Conclusion: sustained-pressure in shifting winds -- Appendix -- Notes -- Glossary -- References -- Index.
|
| 533 |
|
|
|a Electronic reproduction. Ann Arbor, MI : ProQuest, 2015. Available via World Wide Web. Access may be limited to ProQuest affiliated libraries.
|
| 610 |
2 |
0 |
|a European Union
|z Turkey.
|
| 650 |
|
0 |
|a Women's rights
|z Turkey.
|
| 650 |
|
0 |
|a Sex discrimination against women
|z Turkey.
|
| 650 |
|
0 |
|a Feminism
|z Turkey.
|
| 655 |
|
4 |
|a Electronic books.
|
| 710 |
2 |
|
|a ProQuest (Firm)
|
| 856 |
4 |
0 |
|u https://ebookcentral.proquest.com/lib/matrademy/detail.action?docID=3408754
|z Click to View
|